[Event "45th Olympiad 2024"]
[Site "Budapest HUN"]
[Date "2024.09.16"]
[Round "6.6"]
[Board "4"]
[White "Kozul, Zdenko"]
[Black "L'Ami, Erwin"]
[Result "0-1"]
[WhiteTitle "GM"]
[BlackTitle "GM"]
[WhiteElo "2515"]
[BlackElo "2628"]
[WhiteTeam "Croatia"]
[BlackTeam "Netherlands"]
[WhiteFideId "14502879"]
[BlackFideId "1007998"]
[EventDate "2024.09.11"]

1. d4 d5 2. c4 e6 3. Nf3 Nf6 4. g3 Bb4+ 5. Bd2 Be7 6. Bg2 c6 7. Qc2 b6 8. O-O
Nbd7 9. cxd5 cxd5 10. Rc1 O-O 11. Bf4 Bb7 12. Bc7 Qe8 13. Qb3 Rc8 14. Na3 Ne4
15. Nb5 Ndc5 16. dxc5 bxc5 17. Nfd4 a6 18. Bxe4 axb5 19. Nxb5 c4 20. Bxh7+ Kxh7
21. Qc2+ f5 22. Nd6 Qc6 23. Nxc8 Rxc8 24. Ba5 d4 25. f3 d3 26. Qd1 dxe2 27. Qxe2
Qc5+ 28. Kg2 Qxa5 29. Qxe6 Qd2+ 30. Kf1 Qd3+ 31. Qe2 Qxf3+ 0-1

[Event "45th Olympiad 2024"]
[Site "Budapest HUN"]
[Date "2024.09.16"]
[Round "6.7"]
[Board "1"]
[White "Vocaturo, Daniele"]
[Black "Vitiugov, Nikita"]
[Result "1/2-1/2"]
[WhiteTitle "GM"]
[BlackTitle "GM"]
[WhiteElo "2600"]
[BlackElo "2676"]
[WhiteTeam "Italy"]
[BlackTeam "England"]
[WhiteFideId "813192"]
[BlackFideId "4152956"]
[EventDate "2024.09.11"]

1. e4 e5 2. Nf3 Nc6 3. Nc3 Nf6 4. Bb5 Nd4 5. Bc4 Bc5 6. Nxe5 Qe7 7. Nf3 d5 8.
Bxd5 Bg4 9. h3 Bxf3 10. gxf3 c6 11. Bb3 Nh5 12. f4 Nxf4 13. d3 Qf6 14. Qg4 Bd6
15. Be3 Be5 16. Bxd4 Bxd4 17. O-O-O O-O 18. Kb1 a5 19. e5 Qxe5 20. Rhe1 Qc7 21.
Re4 Bxc3 22. Qxf4 Qxf4 23. Rxf4 Be5 24. Re4 Bd6 25. Rde1 g6 26. c3 Kg7 27. d4
Rad8 28. Kc2 Rd7 29. R4e3 Rfd8 30. Bc4 Kf8 31. a3 Re7 1/2-1/2

[Event "45th Olympiad 2024"]
[Site "Budapest HUN"]
[Date "2024.09.16"]
[Round "6.7"]
[Board "2"]
[White "Adams, Michael"]
[Black "Lodici, Lorenzo"]
[Result "1/2-1/2"]
[WhiteTitle "GM"]
[BlackTitle "GM"]
[WhiteElo "2661"]
[BlackElo "2556"]
[WhiteTeam "England"]
[BlackTeam "Italy"]
[WhiteFideId "400041"]
[BlackFideId "884189"]
[EventDate "2024.09.11"]

1. e4 e5 2. Nf3 Nc6 3. Bb5 a6 4. Ba4 Nf6 5. O-O Be7 6. d3 b5 7. Bb3 d6 8. a4 Bd7
9. Nc3 Na5 10. Ba2 b4 11. Nd5 Nxd5 12. Bxd5 c6 13. Ba2 c5 14. c3 Rb8 15. Bd5 Be6
16. Bxe6 fxe6 17. Bd2 Nc6 18. Be3 Na5 19. d4 exd4 20. cxd4 c4 21. d5 e5 22. Rc1
Qd7 23. Nd2 c3 24. bxc3 b3 25. Qe2 b2 26. Rb1 Qb7 27. Nc4 Nxc4 28. Qxc4 O-O 29.
a5 Qb5 30. Qc7 Bd8 31. Qxd6 Bxa5 32. Qxe5 Rfe8 33. Qd4 Qb3 34. d6 Bxc3 35. Qc5
Rec8 36. Qa7 Qb7 37. d7 Qxa7 38. dxc8=Q+ Rxc8 39. Bxa7 a5 40. Rfc1 bxc1=Q+ 41.
Rxc1 Rc4 42. Kf1 a4 43. Ke2 Rxe4+ 44. Kd3 1/2-1/2

[Event "45th Olympiad 2024"]
[Site "Budapest HUN"]
[Date "2024.09.16"]
[Round "6.7"]
[Board "4"]
[White "Jones, Gawain C B"]
[Black "Brunello, Sabino"]
[Result "1-0"]
[WhiteTitle "GM"]
[BlackTitle "GM"]
[WhiteElo "2646"]
[BlackElo "2511"]
[WhiteTeam "England"]
[BlackTeam "Italy"]
[WhiteFideId "409561"]
[BlackFideId "813613"]
[EventDate "2024.09.11"]

1. Nf3 Nf6 2. c4 e6 3. g3 d5 4. Bg2 Be7 5. O-O O-O 6. d4 c6 7. Nc3 a5 8. Bf4
dxc4 9. Ne5 Nd5 10. Nxc4 Nxf4 11. gxf4 Nd7 12. e3 Nf6 13. Rc1 Bd7 14. Kh1 Be8
15. Rg1 Kh8 16. Qf3 Rg8 17. Qh3 Rc8 18. f5 exf5 19. Qxf5 Ra8 20. Rgd1 g6 21. Qe5
Rg7 22. d5 Nd7 23. Qf4 Bg5 24. Qf3 c5 25. Ne4 Bh4 26. Ned6 Rb8 27. Qh3 Bf6 28.
Nxa5 Qxa5 29. Nxe8 Rxe8 30. Qxd7 Rd8 31. Qxb7 Qxa2 32. Rd2 Qa5 33. Rdc2 Qb4 34.
Qc7 Qb8 35. Qxc5 Be5 36. f4 Bd6 37. Qd4 f5 38. Qf6 Rf8 39. Qd4 Kg8 40. Bf1 Re7
41. Rc6 Re4 42. Qb6 Qxb6 43. Rxb6 Rd8 44. Rcc6 Bf8 45. Rb3 Kf7 46. Bc4 Bd6 47.
Kg2 Re7 48. Rbb6 Red7 49. b4 Ke7 50. b5 h6 51. Bd3 Rf8 52. Ra6 g5 53. fxg5 hxg5
54. b6 g4 55. Ra7 f4 56. exf4 Bxf4 57. Re6+ Kd8 58. Ra8+ 1-0

[Event "45th Olympiad 2024"]
[Site "Budapest HUN"]
[Date "2024.09.16"]
[Round "6.8"]
[Board "1"]
[White "Duda, Jan-Krzysztof"]
[Black "Dragnev, Valentin"]
[Result "1/2-1/2"]
[WhiteTitle "GM"]
[BlackTitle "GM"]
[WhiteElo "2732"]
[BlackElo "2556"]
[WhiteTeam "Poland"]
[BlackTeam "Austria"]
[WhiteFideId "1170546"]
[BlackFideId "1634852"]
[EventDate "2024.09.11"]

1. d4 Nf6 2. c4 e6 3. Nc3 Bb4 4. e3 b6 5. Ne2 Ba6 6. a3 Bxc3+ 7. Nxc3 d5 8. b3
O-O 9. a4 c5 10. Ba3 Nbd7 11. Be2 dxc4 12. bxc4 Bb7 13. O-O Ne4 14. Nxe4 Bxe4
15. f3 Bb7 16. e4 Re8 17. d5 exd5 18. exd5 Qh4 19. Bb2 Re7 20. Qd2 Rae8 21. Rf2
Ne5 22. Qc3 f6 23. Bf1 Ng6 24. a5 Nf4 25. Qd2 Bc8 26. axb6 axb6 27. Ra8 Bd7 28.
Rxe8+ Rxe8 29. Bc1 Ng6 30. Qb2 Re1 31. Bd2 Rd1 32. f4 Qg4 33. Qxb6 Nh4 34. Qd8+
Kf7 35. h3 Rxf1+ 36. Kh2 Qxh3+ 37. gxh3 Rxf2+ 38. Kg3 Rf3+ 39. Kh2 Rf2+ 40. Kg3
Rf3+ 41. Kh2 1/2-1/2

[Event "45th Olympiad 2024"]
[Site "Budapest HUN"]
[Date "2024.09.16"]
[Round "6.8"]
[Board "2"]
[White "Ragger, Markus"]
[Black "Wojtaszek, Radoslaw"]
[Result "1/2-1/2"]
[WhiteTitle "GM"]
[BlackTitle "GM"]
[WhiteElo "2601"]
[BlackElo "2681"]
[WhiteTeam "Austria"]
[BlackTeam "Poland"]
[WhiteFideId "1610856"]
[BlackFideId "1118358"]
[EventDate "2024.09.11"]

1. e4 c5 2. Nf3 d6 3. Bb5+ Nd7 4. O-O a6 5. Bxd7+ Bxd7 6. c3 e6 7. d4 Ne7 8.
dxc5 dxc5 9. Ne5 Ng6 10. Qxd7+ Qxd7 11. Nxd7 Kxd7 12. f4 Bd6 13. Be3 Kc6 14. Nd2
Rad8 15. g3 f5 16. Rad1 Rhf8 17. e5 Be7 18. Kf2 Rd5 19. c4 Rd7 20. Ke2 Rfd8 21.
Nf3 Rxd1 22. Rxd1 Rxd1 23. Kxd1 Nh8 24. Ke2 Nf7 25. Kd3 Kd7 26. Kc3 Kc6 27. Kd3
Kd7 28. Kc3 Kc6 29. Kd3 Kd7 30. Kc3 Kc6 1/2-1/2

[Event "45th Olympiad 2024"]
[Site "Budapest HUN"]
[Date "2024.09.16"]
[Round "6.8"]
[Board "3"]
[White "Piorun, Kacper"]
[Black "Horvath, Dominik"]
[Result "1/2-1/2"]
[WhiteTitle "GM"]
[BlackTitle "GM"]
[WhiteElo "2599"]
[BlackElo "2559"]
[WhiteTeam "Poland"]
[BlackTeam "Austria"]
[WhiteFideId "1130420"]
[BlackFideId "1642561"]
[EventDate "2024.09.11"]

1. d4 Nf6 2. c4 g6 3. Nc3 d5 4. cxd5 Nxd5 5. e4 Nxc3 6. bxc3 Bg7 7. Qa4+ Nd7 8.
Nf3 O-O 9. Be2 c5 10. Qa3 cxd4 11. cxd4 Nf6 12. Qe3 b5 13. h3 Qb6 14. O-O a5 15.
Bd2 b4 16. Rfb1 Ba6 17. a3 Bxe2 18. Qxe2 Qb7 19. e5 Nd5 20. Qe4 Rfb8 21. h4 h5
22. Ng5 f5 23. Qf3 Bh6 24. Qg3 Bxg5 25. Qxg5 Ra6 26. axb4 axb4 27. Rxa6 Qxa6 28.
Rb3 Rb6 29. Kh2 Qc4 30. Rg3 Kf7 31. Qh6 Qxd4 32. Qh7+ Ke6 33. Rxg6+ Kxe5 34. f4+
Ke4 35. Rxb6 Qxb6 36. Qxh5 Qf2 37. Qd1 b3 38. Qc1 Kd3 39. Qc6 Kxd2 40. Qxd5+ Kc3
41. Qa5+ Kc2 42. Qxf5+ Kc1 43. Qc8+ Qc2 44. Qe6 b2 45. Qe1+ Qd1 46. Qc3+ Kb1 47.
Qc4 Qc2 48. Qe6 Qa4 49. Qe5 Qc4 50. h5 Ka2 51. Qa5+ Kb3 52. Qb6+ Kc3 53. h6
Qxf4+ 54. g3 Qf5 55. Qe3+ Kc2 56. Qe2+ Kb3 57. Qe3+ Ka2 58. Qa7+ Kb1 59. Qxe7
Qh5+ 60. Qh4 Qe2+ 61. Kh3 Qe6+ 62. Kh2 Qe2+ 1/2-1/2

[Event "45th Olympiad 2024"]
[Site "Budapest HUN"]
[Date "2024.09.16"]
[Round "6.8"]
[Board "4"]
[White "Blohberger, Felix"]
[Black "Gumularz, Szymon"]
[Result "1/2-1/2"]
[WhiteTitle "GM"]
[BlackTitle "GM"]
[WhiteElo "2520"]
[BlackElo "2571"]
[WhiteTeam "Austria"]
[BlackTeam "Poland"]
[WhiteFideId "1632051"]
[BlackFideId "1188062"]
[EventDate "2024.09.11"]

1. d4 Nf6 2. c4 e6 3. Nf3 b6 4. g3 Bb7 5. Bg2 Bb4+ 6. Bd2 a5 7. O-O O-O 8. Bg5
Be7 9. Qc2 Be4 10. Qd2 Bb7 11. Nc3 Ne4 12. Nxe4 Bxe4 13. Bxe7 Qxe7 14. Qf4 d5
15. cxd5 exd5 16. Rac1 Ra7 17. Rfd1 Rd8 18. e3 Rd6 19. Ne5 Bxg2 20. Kxg2 f6 21.
Nd3 Nc6 22. Qf3 Qd7 23. h4 Ne7 24. Rc3 c6 25. Rdc1 Ra8 26. h5 Re8 27. Rb3 Nc8
28. Nf4 Re4 29. Ne2 Re8 30. Rbc3 Ne7 31. Nf4 Kh8 32. Qd1 Nf5 33. Qc2 Rc8 34. Qb3
Rb8 35. Qc2 Rc8 36. a3 Ne7 37. b4 axb4 38. axb4 b5 39. Ra3 Qe8 40. Rca1 Rd7 41.
Ra6 Kg8 42. Qc5 Kf7 43. Ra7 Rxa7 44. Qxa7 Qd8 45. Ra6 Qc7 46. Qc5 Qd7 47. Qb6
Qc7 48. Qxc7 Rxc7 49. Ra8 g5 50. hxg6+ hxg6 51. g4 Nc8 52. Nd3 Nb6 53. Ra6 Nc4
54. Kg3 g5 55. Nc5 Nd6 56. Ra8 Kg6 57. Kg2 Kf7 58. Na6 Rb7 59. Nc5 Rc7 60. Kf3
Kg6 61. Ke2 Kf7 62. Kd3 f5 63. gxf5 Nxf5 64. Ke2 g4 65. Nd3 1/2-1/2

[Event "45th Olympiad 2024"]
[Site "Budapest HUN"]
[Date "2024.09.16"]
[Round "6.9"]
[Board "1"]
[White "Suleymanli, Aydin"]
[Black "Stremavicius, Titas"]
[Result "1/2-1/2"]
[WhiteTitle "GM"]
[BlackTitle "GM"]
[WhiteElo "2632"]
[BlackElo "2527"]
[WhiteTeam "Azerbaijan"]
[BlackTeam "Lithuania"]
[WhiteFideId "13413937"]
[BlackFideId "12804444"]
[EventDate "2024.09.11"]

1. e4 c5 2. Nf3 e6 3. d4 cxd4 4. Nxd4 Nf6 5. Bd3 Nc6 6. Nxc6 bxc6 7. Bf4 d5 8.
Nd2 Nd7 9. O-O Be7 10. e5 Nc5 11. Nb3 a5 12. Qg4 Kf8 13. Be3 Nd7 14. f4 c5 15.
c4 d4 16. Bf2 g6 17. Nd2 Kg7 18. Rae1 Rb8 19. b3 a4 20. Bc2 axb3 21. axb3 Rb6
22. Qg3 h5 23. Ne4 Bb7 24. Ng5 Rh6 25. h4 Kf8 26. Ra1 Nb8 27. Be1 Nc6 28. Be4 d3
29. Kh2 d2 30. Bf2 Nd4 31. Bxb7 Rxb7 32. Bxd4 Qxd4 33. Rfd1 Qb2 34. Ne4 Rxb3 35.
Nf6 Kg7 36. Ra8 Rh8 37. Rxh8 Kxh8 38. Qg5 Bf8 39. Ne4 Rd3 40. Qf6+ Kg8 41. Ng5
Qb7 42. Nxe6 Qe7 43. Ng5 Qxf6 44. exf6 Bd6 45. g3 Bc7 46. Kg2 Ba5 47. Nf3 Bc3
48. Kf2 Bxf6 49. Rxd2 Rc3 50. Ne5 Bxe5 51. Rd8+ Kg7 52. fxe5 Rxc4 53. Kf3 Rc1
54. Rc8 c4 55. Kf2 c3 56. Kf3 g5 57. hxg5 Kg6 58. Rc5 Kf5 59. Kg2 c2 60. Kh2
Kxg5 61. e6+ Kf6 62. exf7 Kxf7 1/2-1/2

[Event "45th Olympiad 2024"]
[Site "Budapest HUN"]
[Date "2024.09.16"]
[Round "6.9"]
[Board "2"]
[White "Pultinevicius, Paulius"]
[Black "Abasov, Nijat"]
[Result "1-0"]
[WhiteTitle "GM"]
[BlackTitle "GM"]
[WhiteElo "2587"]
[BlackElo "2626"]
[WhiteTeam "Lithuania"]
[BlackTeam "Azerbaijan"]
[WhiteFideId "12809390"]
[BlackFideId "13402960"]
[EventDate "2024.09.11"]

1. d4 Nf6 2. c4 e6 3. Nc3 Bb4 4. e3 O-O 5. Bd3 d5 6. a3 Bxc3+ 7. bxc3 dxc4 8.
Bxc4 c5 9. Ne2 Qc7 10. Ba2 b6 11. O-O Ba6 12. Bb2 Rd8 13. Rc1 e5 14. Re1 c4 15.
f3 e4 16. Ng3 Bb7 17. Qa4 Rc8 18. Bb1 Qe7 19. Qb5 Qe6 20. Rcd1 a6 21. Qg5 Nbd7
22. d5 Bxd5 23. fxe4 Bc6 24. Nf5 g6 25. Rf1 Ra7 26. Rd6 Qe8 27. e5 Qxe5 28. Rxf6 1-0

[Event "45th Olympiad 2024"]
[Site "Budapest HUN"]
[Date "2024.09.16"]
[Round "6.9"]
[Board "3"]
[White "Mamedyarov, Shakhriyar"]
[Black "Kazakouski, Valery"]
[Result "1-0"]
[WhiteTitle "GM"]
[BlackTitle "GM"]
[WhiteElo "2733"]
[BlackElo "2577"]
[WhiteTeam "Azerbaijan"]
[BlackTeam "Lithuania"]
[WhiteFideId "13401319"]
[BlackFideId "13507443"]
[EventDate "2024.09.11"]

1. Nf3 Nf6 2. g3 c5 3. Bg2 Nc6 4. O-O e5 5. e4 d6 6. Re1 Be7 7. c3 O-O 8. h3 Be6
9. Na3 h6 10. d3 Qd7 11. Kh2 Rfe8 12. Nc2 b5 13. Ne3 Bf8 14. a4 bxa4 15. Qxa4
Qb7 16. Nd2 Nd7 17. Nd5 Nb6 18. Qa6 Rab8 19. Nf1 Ne7 20. Nfe3 Qxa6 21. Rxa6 Rb7
22. Bd2 Nexd5 23. exd5 Bd7 24. Ra2 Be7 25. Rea1 Ra8 26. h4 h5 27. c4 Be8 28. Bc3
Bd8 29. Bxe5 dxe5 30. d6 Rab8 31. Bxb7 Rxb7 32. Rxa7 Rb8 33. b4 cxb4 34. c5 b3
35. cxb6 b2 36. Rb1 Bxb6 37. Re7 Bxe3 38. fxe3 Ba4 39. Rxe5 f6 40. Rc5 Rb3 41.
Rc4 Bb5 42. Rc2 Rxd3 43. Rbxb2 1-0

[Event "45th Olympiad 2024"]
[Site "Budapest HUN"]
[Date "2024.09.16"]
[Round "6.9"]
[Board "4"]
[White "Laurusas, Tomas"]
[Black "Muradli, Mahammad"]
[Result "1-0"]
[WhiteTitle "GM"]
[BlackTitle "GM"]
[WhiteElo "2569"]
[BlackElo "2576"]
[WhiteTeam "Lithuania"]
[BlackTeam "Azerbaijan"]
[WhiteFideId "12803731"]
[BlackFideId "13409301"]
[EventDate "2024.09.11"]

1. d4 Nf6 2. c4 e6 3. Nf3 d5 4. Nc3 dxc4 5. e3 a6 6. a4 b6 7. Bxc4 Bb7 8. O-O
Bb4 9. Qc2 O-O 10. Rd1 Qe7 11. b3 Rd8 12. Bb2 h6 13. h3 Nc6 14. d5 Na5 15. e4
exd5 16. exd5 Nxc4 17. bxc4 c6 18. Re1 Qc7 19. Ne4 Nxe4 20. Rxe4 cxd5 21. Rg4
Bf8 22. Be5 Qd7 23. Nd4 g6 24. Rb1 Qe8 25. f4 Bc5 26. Kh2 dxc4 27. Nf5 h5 28.
Ng7 Qd7 29. Nxh5 Qd3 30. Qc1 Kf8 31. Nf6 Rac8 32. Qe1 Rc6 33. Rh4 Re6 34. Rd1
Rxe5 35. Qxe5 1-0

[Event "45th Olympiad 2024"]
[Site "Budapest HUN"]
[Date "2024.09.16"]
[Round "6.10"]
[Board "2"]
[White "Anton Guijarro, David"]
[Black "Kacharava, Nikolozi"]
[Result "1/2-1/2"]
[WhiteTitle "GM"]
[BlackTitle "GM"]
[WhiteElo "2665"]
[BlackElo "2511"]
[WhiteTeam "Spain"]
[BlackTeam "Georgia"]
[WhiteFideId "2285525"]
[BlackFideId "13611860"]
[EventDate "2024.09.11"]

1. e4 e5 2. Nf3 Nc6 3. Bb5 a6 4. Ba4 Nf6 5. O-O b5 6. Bb3 Bc5 7. a4 Rb8 8. c3 d6
9. d4 Bb6 10. a5 Ba7 11. h3 Bb7 12. Be3 Nxe4 13. Re1 Ne7 14. Nbd2 Nxd2 15. Bxd2
O-O 16. dxe5 dxe5 17. Nxe5 Ng6 18. Be3 Nxe5 19. Qxd8 Rbxd8 20. Bxa7 Nd3 21. Re7
Bd5 22. Bxd5 Rxd5 23. Rxc7 Nxb2 24. Bb6 Re8 25. Ra7 Nc4 26. Rxa6 Rd6 27. Kh2 h5
28. Rb1 Nxa5 29. Rxa5 Rxb6 30. Rbxb5 Rxb5 31. Rxb5 Rc8 32. Rb3 h4 33. g3 hxg3+
34. fxg3 g5 35. Rb5 f6 36. Rf5 Rxc3 37. Rxf6 1/2-1/2

[Event "45th Olympiad 2024"]
[Site "Budapest HUN"]
[Date "2024.09.16"]
[Round "6.10"]
[Board "3"]
[White "Jobava, Baadur"]
[Black "Pichot, Alan"]
[Result "1/2-1/2"]
[WhiteTitle "GM"]
[BlackTitle "GM"]
[WhiteElo "2582"]
[BlackElo "2628"]
[WhiteTeam "Georgia"]
[BlackTeam "Spain"]
[WhiteFideId "13601520"]
[BlackFideId "110973"]
[EventDate "2024.09.11"]

1. d4 Nf6 2. c4 e6 3. Nc3 Bb4 4. Qc2 d6 5. e3 O-O 6. Bd3 c5 7. Ne2 Nc6 8. O-O d5
9. cxd5 exd5 10. dxc5 Bxc5 11. Nb5 Bb6 12. Bd2 Bg4 13. Bc3 Rc8 14. Bf5 Nb4 15.
Qa4 Bxf5 16. Bxb4 Bd3 17. Rfe1 Qd7 18. Nbc3 Rfd8 19. Qxd7 Rxd7 20. Na4 Bxe2 21.
Nxb6 axb6 22. Rxe2 d4 23. exd4 Nd5 24. Bd2 f6 25. Kf1 Rc4 26. Be3 Kf7 27. Rd1 b5
28. a3 b4 29. Rd3 b5 30. axb4 Nxb4 31. Rb3 Rd5 32. Rc3 Rd7 33. Ke1 Rxc3 34. bxc3
Nd5 35. Rc2 Rc7 36. Kd2 b4 37. cxb4 Rxc2+ 38. Kxc2 Nxb4+ 39. Kc3 Nd5+ 40. Kc4
Ke6 41. Kc5 h5 42. h4 Ne7 43. Bd2 Nd5 44. g3 g6 45. Bc1 Ne7 46. Be3 Nd5 47. Kc6
Ne7+ 48. Kc7 Kd5 49. Kd7 Nf5 50. Ke8 g5 51. hxg5 fxg5 52. Bxg5 Nxd4 53. Kf7 Ke4
54. Kg6 Kf3 55. Be3 Ne2 56. Kxh5 Nxg3+ 57. fxg3 1/2-1/2

[Event "45th Olympiad 2024"]
[Site "Budapest HUN"]
[Date "2024.09.16"]
[Round "6.11"]
[Board "2"]
[White "Bacrot, Etienne"]
[Black "Kjartansson, Gudmundur"]
[Result "1-0"]
[WhiteTitle "GM"]
[BlackTitle "GM"]
[WhiteElo "2665"]
[BlackElo "2478"]
[WhiteTeam "France"]
[BlackTeam "Iceland"]
[WhiteFideId "605506"]
[BlackFideId "2301318"]
[EventDate "2024.09.11"]

1. e4 e5 2. Nf3 Nc6 3. Bb5 Nf6 4. O-O Nxe4 5. d4 Nd6 6. Bxc6 dxc6 7. dxe5 Nf5 8.
Qxd8+ Kxd8 9. Nc3 Ke8 10. h3 h5 11. Ne2 b6 12. Bg5 Bb7 13. Rad1 c5 14. Nc3 Be7
15. Nd5 Bxd5 16. Rxd5 Rd8 17. Rxd8+ Bxd8 18. Bxd8 Kxd8 19. Rd1+ Ke7 20. g3 Rg8
21. h4 a5 22. c3 Nh6 23. Ng5 Ng4 24. e6 fxe6 25. Re1 Kd7 26. Rxe6 Rf8 27. Re2
Rf5 28. Kg2 Ne5 29. Rd2+ Ke7 30. Nh3 Nc4 31. Rc2 Re5 32. Nf4 Kf7 33. b3 Nd6 34.
c4 Nf5 35. Rd2 Nd4 36. Nd5 Re2 37. Rxe2 Nxe2 38. Kf3 Nc1 39. Nc3 a4 40. bxa4 Nd3
41. Ke4 Nxf2+ 42. Kd5 Nh1 43. Ne4 Ke7 44. Kc6 Kd8 45. a5 bxa5 46. Kxc5 Kd7 47.
Kd5 a4 48. a3 g6 49. Ke5 Ke7 50. Kf4 Ke6 51. Kf3 Ke5 52. Nc3 Kd4 53. Nxa4 Kxc4
54. Nb2+ Kb3 55. a4 Kb4 56. Kg2 c5 57. Kxh1 Kb3 58. a5 Kxb2 59. a6 c4 60. a7 c3
61. a8=Q c2 62. Qb7+ Kc3 63. Qc6+ Kd2 64. Qd5+ Ke2 65. Qe4+ Kd2 66. Qd4+ Ke2 67.
Qc3 1-0

[Event "45th Olympiad 2024"]
[Site "Budapest HUN"]
[Date "2024.09.16"]
[Round "6.11"]
[Board "3"]
[White "Heimisson, Hilmir Freyr"]
[Black "Maurizzi, Marc'Andria"]
[Result "0-1"]
[WhiteTitle "IM"]
[BlackTitle "GM"]
[WhiteElo "2391"]
[BlackElo "2595"]
[WhiteTeam "Iceland"]
[BlackTeam "France"]
[WhiteFideId "2309998"]
[BlackFideId "36083534"]
[EventDate "2024.09.11"]

1. d4 Nf6 2. c4 b6 3. Nc3 Bb7 4. Qc2 Nc6 5. Nf3 Nb4 6. Qb1 Bxf3 7. gxf3 g6 8. f4
e6 9. Bg2 c6 10. a3 Na6 11. e4 Nh5 12. Be3 Bh6 13. Qc1 Qh4 14. Ne2 O-O 15. Qd2
c5 16. d5 exd5 17. cxd5 d6 18. O-O-O c4 19. Bf3 Nc5 20. Kb1 Rae8 21. Ng3 Nxf4
22. Rhg1 Kh8 23. Qc3+ f6 24. Qxc4 Nh3 25. Bxh6 Qxh6 26. Rgf1 Ng5 27. Bg2 Qxh2
28. Rg1 Qh4 29. Rd4 Qf4 30. Qc2 Rc8 31. Rc4 b5 32. Rc3 Rce8 33. Re3 a5 34. Rf1
b4 35. Ne2 Qg4 36. Rg1 Qh4 37. Ng3 Qf4 38. Rge1 Rb8 39. Ka1 Rfc8 40. Qe2 bxa3
41. Rxa3 Nb3+ 42. Kb1 Nd2+ 43. Ka1 Rxb2 0-1

[Event "45th Olympiad 2024"]
[Site "Budapest HUN"]
[Date "2024.09.16"]
[Round "6.11"]
[Board "4"]
[White "Lagarde, Maxime"]
[Black "Gretarsson, Helgi Ass"]
[Result "1-0"]
[WhiteTitle "GM"]
[BlackTitle "GM"]
[WhiteElo "2598"]
[BlackElo "2450"]
[WhiteTeam "France"]
[BlackTeam "Iceland"]
[WhiteFideId "662399"]
[BlackFideId "2300699"]
[EventDate "2024.09.11"]

1. e4 e5 2. Nf3 Nc6 3. Bb5 a6 4. Ba4 Nf6 5. O-O Be7 6. d3 b5 7. Bb3 d6 8. Bd2
O-O 9. Re1 h6 10. h3 Re8 11. a4 Rb8 12. axb5 axb5 13. Nc3 Bf8 14. Qb1 Be6 15.
Bxe6 Rxe6 16. Nd5 Re8 17. c4 Be7 18. Ra6 Qd7 19. Rc1 Rb7 20. Qa2 bxc4 21. Rxc4
Nb8 22. Ra8 c6 23. Ne3 Bd8 24. Rca4 d5 25. Nf5 Bb6 26. Qa3 c5 27. Bc3 d4 28. Ba5
Ba7 29. Bd8 Qxd8 30. R4xa7 Rxa7 31. Qxa7 Nfd7 32. Nd6 Re6 33. Nc4 Kh7 34. Qb7 f6
35. Nh4 Re8 36. Nf5 Rg8 37. Ncd6 Nb6 38. Nf7 1-0

[Event "45th Olympiad 2024"]
[Site "Budapest HUN"]
[Date "2024.09.16"]
[Round "6.12"]
[Board "1"]
[White "Volokitin, Andrei"]
[Black "Kadric, Denis"]
[Result "1/2-1/2"]
[WhiteTitle "GM"]
[BlackTitle "GM"]
[WhiteElo "2660"]
[BlackElo "2553"]
[WhiteTeam "Ukraine"]
[BlackTeam "Montenegro"]
[WhiteFideId "14107090"]
[BlackFideId "14403803"]
[EventDate "2024.09.11"]

1. e4 e5 2. Nf3 Nf6 3. Nxe5 d6 4. Nf3 Nxe4 5. d4 d5 6. Bd3 Nc6 7. O-O Be7 8.
Nbd2 Bf5 9. Re1 Nxd2 10. Qxd2 Bxd3 11. Qxd3 O-O 12. c3 Qd7 13. Bf4 a6 14. Re2
Rae8 15. Rae1 Bd8 16. h4 f6 17. Nd2 Rxe2 18. Qxe2 a5 19. Nb3 b6 20. Na1 Ne7 21.
Nc2 Re8 22. h5 Kf7 23. g4 g5 24. Bg3 f5 25. Qd3 Kg8 26. gxf5 Rf8 27. Ne3 Nxf5
28. Nxf5 Rxf5 29. Qe2 Kf8 30. Qg4 Rf7 31. Re6 Qb5 32. Re3 Qd7 33. Re6 Qb5 34. b3
a4 35. Re3 axb3 36. axb3 Qd7 37. Re6 Qb5 38. Re5 Qd7 39. Qe2 Rf5 40. Re3 Rf7 41.
Kg2 Be7 42. Qa6 Kg7 43. Qe2 Kf8 44. Re6 Rf6 45. Re5 Rf7 46. Qa6 Kg7 47. Qe2 Kf8
48. Qa6 Bf6 49. Qa8+ Kg7 50. Rxd5 Qg4 51. Qc6 Qxh5 52. Rd7 Qe2 53. Rxf7+ Kxf7
54. Qxc7+ Kg6 55. Qxb6 Qe4+ 56. Kh2 h5 57. Qa6 Qc2 58. Kg2 Qe4+ 59. Kh2 Qc2 60.
Kg1 Qb1+ 61. Kh2 1/2-1/2

[Event "45th Olympiad 2024"]
[Site "Budapest HUN"]
[Date "2024.09.16"]
[Round "6.12"]
[Board "3"]
[White "Ponomariov, Ruslan"]
[Black "Djukic, Nikola"]
[Result "1-0"]
[WhiteTitle "GM"]
[BlackTitle "GM"]
[WhiteElo "2654"]
[BlackElo "2515"]
[WhiteTeam "Ukraine"]
[BlackTeam "Montenegro"]
[WhiteFideId "14103320"]
[BlackFideId "922412"]
[EventDate "2024.09.11"]

1. e4 c5 2. Nf3 d6 3. d4 cxd4 4. Nxd4 Nf6 5. Nc3 Nc6 6. Bg5 e6 7. Qd2 a6 8.
O-O-O Bd7 9. Kb1 Nxd4 10. Qxd4 Be7 11. f3 Qc7 12. Qd2 b5 13. h4 b4 14. Ne2 a5
15. c4 bxc3 16. Nxc3 Qb7 17. a4 h6 18. Be3 Rc8 19. Nb5 O-O 20. Bd3 e5 21. g4 Be6
22. g5 Nh5 23. gxh6 g6 24. Rc1 d5 25. Qxa5 dxe4 26. fxe4 Bc4 27. Bc2 Bc5 28. Rh3
Bxe3 29. Rxe3 Rc6 30. Na3 Qe7 31. Nxc4 Rxc4 32. Bb3 Rxc1+ 33. Kxc1 Qxh4 34. Qxe5
Qf2 35. Rc3 Qf1+ 36. Kc2 Kh7 37. Qe7 Kg8 38. h7+ Kg7 39. Qxf8+ 1-0

[Event "45th Olympiad 2024"]
[Site "Budapest HUN"]
[Date "2024.09.16"]
[Round "6.13"]
[Board "1"]
[White "Henriquez Villagra, Cristobal"]
[Black "Predke, Alexandr"]
[Result "0-1"]
[WhiteTitle "GM"]
[BlackTitle "GM"]
[WhiteElo "2604"]
[BlackElo "2671"]
[WhiteTeam "Chile"]
[BlackTeam "Serbia"]
[WhiteFideId "3409350"]
[BlackFideId "24107581"]
[EventDate "2024.09.11"]

1. Nf3 Nf6 2. g3 b6 3. Bg2 Bb7 4. d3 g6 5. e4 d6 6. O-O c5 7. c4 Bg7 8. Nc3 O-O
9. h4 a6 10. Nh2 Nc6 11. a4 Rb8 12. g4 Nd4 13. h5 b5 14. axb5 axb5 15. cxb5 Bc8
16. hxg6 fxg6 17. f4 Be6 18. Bf3 g5 19. f5 Bb3 20. Qd2 h6 21. Bd1 Bxd1 22. Qxd1
Nxb5 23. Qb3+ Kh8 24. Nxb5 Qb6 25. Qe6 Qxb5 26. Rf3 Ra8 27. Rb1 Qd7 28. Bd2 Qxe6
29. fxe6 Nh7 30. b4 Ra2 31. Rxf8+ Nxf8 32. b5 Nxe6 33. b6 Nd8 34. Nf3 Nb7 35.
Kf2 Kg8 36. Ke3 Kf7 37. Rb3 Ke6 38. Bc3 Bxc3 39. Rxc3 Rb2 40. Ra3 Rxb6 41. Ra8
Kd7 42. Rh8 Na5 43. Rxh6 Rb3 44. Ke2 Rb2+ 45. Ke3 c4 46. dxc4 Nxc4+ 47. Kd4 Rb3
48. Kxc4 Rxf3 49. e5 Kc6 50. Re6 Rf4+ 51. Kd3 Kd5 52. Rxe7 dxe5 53. Re8 Rxg4 54.
Ke3 Rf4 55. Rg8 g4 56. Rg6 Ra4 57. Ke2 Rb4 58. Ke1 Rf4 59. Ke2 Kd4 60. Rg8 e4
61. Rg7 Ke5 62. Rg5+ Kf6 63. Rb5 Rf3 64. Ra5 g3 65. Ra8 Kg5 66. Re8 Rf2+ 67. Ke3
Kg4 68. Rh8 Rf3+ 69. Kxe4 Ra3 70. Rg8+ Kh3 71. Kf4 Kh2 72. Rh8+ Kg1 0-1